| 000 | 01035cam a2200265 4500 | ||
|---|---|---|---|
| 008 | 000000n2001 000 0 eng u | ||
| 020 | _a0102249016 | ||
| 035 | _a(Sirsi) u111891 | ||
| 050 | _a711.1 | ||
| 110 |
_aParliament House of Commons Trade and Industry Committee _94065 |
||
| 245 | _aMobile phone masts : report, together with the proceedings of the Committee, minutes of evidence and appendices... | ||
| 260 |
_aLondon _bStationery Office _c2001 |
||
| 300 | _axxxv,94p. ; 30cm. | ||
| 350 | _a15.90 | ||
| 490 |
_aHCP _v330 |
||
| 520 | _aAn inquiry into the proposed planning regime for telecoms masts in the light of the growing public concern over health risks. Includes evidence from the national umbrella organisation Mast Action UK. | ||
| 650 | _aMOBILE PHONE MASTS | ||
| 650 | _aRADIO MASTS | ||
| 650 | _aAERIALS | ||
| 650 | _aMAST ACTION UK | ||
| 650 | _aTELECOMMUNICATIONS | ||
| 690 | _aENVIRONMENTAL AND LAND CONSULTANCY-PLANNING AND DEVELOPMENT | ||
| 700 |
_aO'Neill, Martin _xchairman |
||
| 942 | _n0 | ||
| 999 |
_c101299 _d101299 |
||